Подробности
| 000 -МАРКЕР |
| контрольное поле |
02450nam0a2200385 4500 |
| 001 - ИДЕНТИФИКАТОР ЗАПИСИ |
| контрольное поле |
RU\NLR\BIBL_A\011818044 |
| 005 - ИДЕНТИФИКАТОР ВЕРСИИ |
| контрольное поле |
20181219110827.0 |
| 010 ## - МЕЖДУНАРОДНЫЙ СТАНДАРТНЫЙ НОМЕР КНИГИ (ISBN) |
| Номер (ISBN) |
978-5-94778-509-8 |
| Тираж |
500 |
| 021 ## - НОМЕР ГОСУДАРСТВЕННОЙ РЕГИСТРАЦИИ |
| Код страны |
Российская Федерация |
| Номер |
КН-П-18-067321 |
| Номер Листа государственной регистраци |
КН-П-18-4849 |
| 035 ## - ДРУГИЕ СИСТЕМНЫЕ НОМЕРА |
| Идентификатор записи |
(NLR Aleph) 011818044 |
| 035 ## - ДРУГИЕ СИСТЕМНЫЕ НОМЕРА |
| Идентификатор записи |
(RuMoRGB)009738740 |
| 100 ## - ДАННЫЕ ОБЩЕЙ ОБРАБОТКИ |
| Данные общей обработки |
20181011d2017 k y0rusy50 ca |
| 101 0# - ЯЗЫК РЕСУРСА |
| Язык текста, звукозаписи и т.д. |
русский |
| 102 ## - СТРАНА ПУБЛИКАЦИИ ИЛИ ПРОИЗВОДСТВА |
| Страна публикации |
Российская Федерация |
| 105 ## - ПОЛЕ КОДИРОВАННЫХ ДАННЫХ: ТЕКСТОВЫЕ МАТЕРИАЛЫ, МОНОГРАФИЧЕСКИЕ |
| Кодированные данные о монографическом текстовом документе |
y|||z|||000zy |
| 200 1# - ЗАГЛАВИЕ И СВЕДЕНИЯ ОБ ОТВЕТСТВЕННОСТИ |
| Основное заглавие |
Традиционная культура России и ценности постиндустриального общества |
| Сведения, относящиеся к заглавию |
коллективная монография |
| Первые сведения об ответственности |
[Аронов А.А. - доктор культурологии, доктор педагогических наук, профессор, Буторов С.А. - доктор философских наук, профессор, Воеводина Л.Н. - доктор философских наук, профессор и др. |
| Последующие сведения об ответственности |
научные редакторы: И.В. Малыгина, доктор философских наук, профессор, И.П. Леонтьева, кандидат философских наук, доцент] |
| -- |
Федеральное государственное бюджетное образовательное учреждение высшего образования "Московский государственный институт культуры" |
| 210 ## - ПУБЛИКАЦИЯ, РАСПРОСТРАНЕНИЕ И ДР. |
| Место издания, распространения и т.д. |
Москва |
| Имя издателя, распространителя и т. д. |
МГИК |
| Дата издания, распространения и т.д. |
2017 |
| 215 ## - ФИЗИЧЕСКАЯ ХАРАКТЕРИСТИКА |
| Специфическое обозначение материала и объем |
116 с. |
| Размеры |
21 |
| 300 ## - ОБЩИЕ ПРИМЕЧАНИЯ |
| Текст примечания |
Авт. указаны на 115-й с. |
| 320 ## - ПРИМЕЧАНИЯ О НАЛИЧИИ В ДОКУМЕНТЕ БИБЛИОГРАФИИ / УКАЗАТЕЛЯ |
| Текст примечания |
Библиогр. в конце разд. |
| 606 1# - НАИМЕНОВАНИЕ ТЕМЫ КАК ПРЕДМЕТ |
| Наименование темы |
Традиционная культура |
| Географический подзаголовок |
Российская Федерация |
| Код системы |
nlr_sh2 |
| Идентификатор авторитетной/нормативной записи |
RU\NLR\AUTH\661506025 |
| 686 1# - ИНДЕКСЫ ДРУГИХ КЛАССИФИКАЦИЙ |
| Индекс |
С550.25 |
| 686 1# - ИНДЕКСЫ ДРУГИХ КЛАССИФИКАЦИЙ |
| Индекс |
Т52(2) |
| 701 #1 - ИМЯ ЛИЦА - АЛЬТЕРНАТИВНАЯ ОТВЕТСТВЕННОСТЬ |
| Начальный элемент ввода |
Аронов |
| Часть имени, кроме начального элемента ввода |
А. А. |
| Даты |
1937-2023 |
| Расширение инициалов личного имени |
Аркадий Алексеевич |
| Идентификатор авторитетной/нормативной записи |
RU\NLR\AUTH\7772263 |
| 701 #1 - ИМЯ ЛИЦА - АЛЬТЕРНАТИВНАЯ ОТВЕТСТВЕННОСТЬ |
| Начальный элемент ввода |
Буторов |
| Часть имени, кроме начального элемента ввода |
С. А. |
| Расширение инициалов личного имени |
Сергей Алексеевич |
| 701 #1 - ИМЯ ЛИЦА - АЛЬТЕРНАТИВНАЯ ОТВЕТСТВЕННОСТЬ |
| Начальный элемент ввода |
Воеводина |
| Часть имени, кроме начального элемента ввода |
Л. Н. |
| Расширение инициалов личного имени |
Лариса Николаевна |
| 702 #1 - ИМЯ ЛИЦА - ВТОРИЧНАЯ ОТВЕТСТВЕННОСТЬ |
| Начальный элемент ввода |
Малыгина |
| Часть имени, кроме начального элемента ввода |
И. В. |
| Расширение инициалов личного имени |
Ирина Викторовна |
| Код отношения |
Редактор |
| 712 02 - НАИМЕНОВАНИЕ ОРГАНИЗАЦИИ - ВТОРИЧНАЯ ОТВЕТСТВЕННОСТЬ |
| Начальный элемент ввода |
Московский государственный институт культуры |
| Идентификатор авторитетной/нормативной записи |
RU\NLR\AUTH\880404236 |
| Код отношения |
Издающая организация |
| 942 ## - ДОПОЛНИТЕЛЬНЫЕ ЭЛЕМЕНТЫ ЗАПИСИ (АБИС) |
| Тип экземпляра АБИС |
Книга |
| 980 ## - КОЛЛЕКЦИЯ |
| Название коллекции |
НБР |
| 980 ## - КОЛЛЕКЦИЯ |
| Название коллекции |
Национальная библиография |